[Event "GER-ch Youth-B"]
[Site "Willingen"]
[Date "2022.06.09"]
[Round "7"]
[White "Bouhadjer, Youcef"]
[Black "Rotaermel, Leonie"]
[Result "1/2-1/2"]
[WhiteElo "1630"]
[BlackElo "1486"]
[PlyCount "66"]
[EventDate "2022.06.04"]
[EventType "swiss"]
[EventRounds "9"]
[EventCountry "GER"]
[SourceTitle "CBM 208 Extra"]
[Source "ChessBase"]
[SourceDate "2022.07.31"]
[SourceVersion "1"]
[SourceVersionDate "2022.07.31"]
[SourceQuality "1"]

1. e4 c6 2. d4 d5 3. e5 e6 4. Bd3 c5 5. c3 Nc6 6. Nf3 Qb6 7. Bc2 Bd7 8. 0-0 Nge7 9. b3 Ng6 10. Be3 Be7 11. Re1 cxd4 12. cxd4 Rc8 13. a3 Qc7 14. b4 Ncxe5 15. Bxg6 Nxg6 16. Nbd2 b6 17. Rc1 Qb7 18. Rxc8+ Qxc8 19. Qc1 Qxc1 20. Rxc1 Bd6 21. g3 0-0 22. Nf1 Rc8 23. Rxc8+ Bxc8 24. N3d2 Ba6 25. f4 Bxf1 26. Kxf1 Ne7 27. Nf3 Nf5 28. Bd2 b5 29. Ke2 Kf8 30. Bc3 Bc7 31. Nd2 Nd6 32. Ke3 Nc4+ 33. Nxc4 dxc4 1/2-1/2

[Event "Stuttgart-chC int"]
[Site "Ditzingen"]
[Date "2014.05.31"]
[Round "7"]
[White "Bouhadjer, Youcef"]
[Black "Malheur, Lothar"]
[Result "1-0"]
[WhiteElo "970"]
[BlackElo "1341"]
[PlyCount "45"]
[EventDate "2014.05.29"]
[EventType "swiss"]
[EventRounds "7"]
[EventCountry "GER"]
[SourceTitle "EXT 2015"]
[Source "ChessBase"]
[SourceDate "2014.11.20"]
[SourceVersion "1"]
[SourceVersionDate "2014.11.20"]
[SourceQuality "1"]

1. e4 c6 2. d4 d5 3. e5 Bf5 4. Bd3 Bxd3 5. Qxd3 e6 6. Nf3 Qb6 7. b3 Be7 8. 0-0 Nd7 9. c4 Qa6 10. Nbd2 Nh6 11. h3 0-0 12. Nh2 Rfd8 13. Ndf3 dxc4 14. bxc4 Nf8 15. Bxh6 gxh6 16. Ng4 Ng6 17. Nxh6+ Kg7 18. Ng4 c5 19. Qd2 cxd4 20. Qh6+ Kh8 21. Nf6 Bxf6 22. exf6 Rg8 23. Ng5 1-0

[Event "Stuttgart-chC int"]
[Site "Ditzingen"]
[Date "2014.05.29"]
[Round "1"]
[White "Bouhadjer, Youcef"]
[Black "Thomas, Leonhard"]
[Result "1/2-1/2"]
[WhiteElo "970"]
[BlackElo "1340"]
[PlyCount "74"]
[EventDate "2014.05.29"]
[EventType "swiss"]
[EventRounds "7"]
[EventCountry "GER"]
[SourceTitle "EXT 2015"]
[Source "ChessBase"]
[SourceDate "2014.11.20"]
[SourceVersion "1"]
[SourceVersionDate "2014.11.20"]
[SourceQuality "1"]

1. e4 e5 2. Nf3 Nc6 3. d4 exd4 4. Nxd4 Nxd4 5. Qxd4 Qf6 6. Qxf6 Nxf6 7. Bd3 Bc5 8. Nc3 d6 9. 0-0 0-0 10. h3 h6 11. Bf4 Re8 12. Rae1 Bb4 13. Bd2 Be6 14. a3 Bxc3 15. Bxc3 Nd7 16. f4 Nc5 17. Rf3 d5 18. f5 dxe4 19. Bxe4 Bd7 20. Bd3 Rxe1+ 21. Bxe1 Nxd3 22. cxd3 Re8 23. Bc3 f6 24. Kf2 Kf7 25. g4 Bc6 26. Rf4 Rd8 27. d4 Re8 28. Bb4 b6 29. Bc3 Bd5 30. b4 b5 31. Bb2 c6 32. Bc3 a6 33. Bd2 Re4 34. Kf1 Rxf4+ 35. Bxf4 Ke7 36. Kf2 Kf7 37. Kg3 Be4 1/2-1/2

[Event "Stuttgart-chC int"]
[Site "Ditzingen"]
[Date "2014.05.29"]
[Round "3"]
[White "Bouhadjer, Youcef"]
[Black "Zacke, Tamara"]
[Result "0-1"]
[WhiteElo "970"]
[BlackElo "1143"]
[PlyCount "50"]
[EventDate "2014.05.29"]
[EventType "swiss"]
[EventRounds "7"]
[EventCountry "GER"]
[SourceTitle "EXT 2015"]
[Source "ChessBase"]
[SourceDate "2014.11.20"]
[SourceVersion "1"]
[SourceVersionDate "2014.11.20"]
[SourceQuality "1"]

1. e4 e5 2. Nf3 Nc6 3. d4 f6 4. d5 Na5 5. Bd2 c5 6. Nc3 Qb6 7. Na4 Qc7 8. b3 b6 9. Bd3 c4 10. Be2 Ba6 11. 0-0 b5 12. Nb2 c3 13. Be1 cxb2 14. Rb1 Ba3 15. h3 Rc8 16. Bxa5 Qxa5 17. Ne1 Qb4 18. Bd3 Ne7 19. Kh1 0-0 20. f3 f5 21. Rf2 Bb7 22. Qd2 Qc5 23. c4 bxc4 24. Bxc4 fxe4 25. fxe4 Rxf2 0-1

[Event "Stuttgart-chC int"]
[Site "Ditzingen"]
[Date "2014.05.29"]
[Round "2"]
[White "Friedl, Bastian"]
[Black "Bouhadjer, Youcef"]
[Result "1/2-1/2"]
[WhiteElo "994"]
[BlackElo "970"]
[PlyCount "35"]
[EventDate "2014.05.29"]
[EventType "swiss"]
[EventRounds "7"]
[EventCountry "GER"]
[SourceTitle "EXT 2015"]
[Source "ChessBase"]
[SourceDate "2014.11.20"]
[SourceVersion "1"]
[SourceVersionDate "2014.11.20"]
[SourceQuality "1"]

1. e4 e6 2. d4 d5 3. e5 c5 4. c3 Nc6 5. Nf3 a6 6. Be3 Qb6 7. b3 cxd4 8. cxd4 Nge7 9. Nbd2 Nf5 10. Nb1 Bb4+ 11. Ke2 0-0 12. a3 Be7 13. b4 Bd7 14. Nc3 Z0 15. Na4 Qb5+ 16. Ke1 Bxb4+ 17. axb4 Qxb4+ 18. Bd2 1/2-1/2